Normal view MARC view
  • National Research Council (U.S.), Committee on NASA-NOAA Transition from Research to Operations Staff

Entry Corporate Name

Number of records used in: 1

001 - CONTROL NUMBER

  • control field: 43391

003 - CONTROL NUMBER IDENTIFIER

  • control field: NUST

005 - DATE AND TIME OF LATEST TRANSACTION

  • control field: 20210314132634.0

008 - FIXED-LENGTH DATA ELEMENTS

  • fixed length control field: 210314|| aca||aabn | a|a d

040 ## - CATALOGING SOURCE

  • Original cataloging agency: NUST
  • Transcribing agency: NUST

110 ## - HEADING--CORPORATE NAME

  • Corporate name or jurisdiction name as entry element: National Research Council (U.S.), Committee on NASA-NOAA Transition from Research to Operations Staff

670 ## - SOURCE DATA FOUND

  • Source citation: Work cat.: (NUST): National Research Council (U.S.), Committee on NASA-NOAA Transition from Research to Operations Staff, Satellite Observations of the Earth's Environment, June 2003
© 2023 Central Library, National University of Sciences and Technology. All Rights Reserved.